| 000 | 01217nam a2200301 a 4500 | ||
|---|---|---|---|
| 001 | 000009262 | ||
| 003 | DO-SdBNP | ||
| 005 | 20211126094002.0 | ||
| 008 | 090929s1945 dr a 001 0 spa d | ||
| 040 |
_aDO-SdBNP _bspa _cBNPHU |
||
| 082 | 4 |
_a584.597293 _bM896p |
|
| 100 | 1 |
_aMoscoso, R. M. _923968 |
|
| 245 | 1 | 0 |
_aPalmas dominicanas / _cR. M. Moscoso. |
| 260 |
_aCiudad Trujillo, República Dominicana : _bMontalvo ; Universidad de Santo Domingo, _c1945. |
||
| 300 |
_a82 p. : _bil ; _c24 cm. |
||
| 490 | 1 |
_aPublicaciones de la Universidad de Santo Domingo _v33 |
|
| 500 | _aContribución del Instituto Botanico III | ||
| 504 | _aIncluye referencias bibliográficas [p. 73] | ||
| 590 | _aInventariado, 2019/VM | ||
| 650 | 4 |
_aAgricultura _zIsla Española (Haití Y Republica Dominicana) _xHistoria _923969 |
|
| 650 | 4 |
_aPalmas dominicanas _923970 |
|
| 650 | 4 |
_aPlantas oleaginosas _923971 |
|
| 651 | 4 |
_aIsla Española (Haití Y República Dominicana) _xPlantas oleaginosas _xHistoria _923972 |
|
| 710 | 2 |
_aInstituto Botánico de la Universidad de Santo Domingo _923973 |
|
| 830 | 0 |
_aPublicaciones de la Universidad de Santo Domingo _n33 _923974 |
|
| 910 | _aValidado. Control de calidad MFF | ||
| 942 |
_2ddc _cLBS1 |
||
| 999 |
_c9024 _d9024 |
||